| 000 | 00727nam a2200217Ia 4500 | ||
|---|---|---|---|
| 003 | OSt | ||
| 005 | 20230609114653.0 | ||
| 008 | 210210b2004 xxu||||| |||| 00| 0 eng d | ||
| 040 | _cAL | ||
| 041 | _aKannada | ||
| 082 | _a294.56K NARS | ||
| 100 |
_aNarasimha Murthy (H V) ನರಸಿಂಹ ಮೂರ್ತಿ(ಎಚ್. ವಿ) _9123231 |
||
| 245 | _aShri Shankaracharyaru :Jeevana mattu sandesha ಶ್ರೀ ಶಂಕರಾಚಾರ್ಯರು : ಜೀವನ ಮತ್ತು ಸಂದೇಶ | ||
| 260 |
_aKoteshvara _bVikasa Prakashana _c2004 |
||
| 300 | _axv,84 | ||
| 650 |
_aNarasimha Murthy _9123232 |
||
| 650 |
_aNarasimha Murthi _9123265 |
||
| 690 |
_aHinduism _9123233 |
||
| 906 | _a059986 | ||
| 942 |
_2ddc _cBK |
||
| 999 |
_c106907 _d106907 |
||